Paroles - En Y - Jul - Statistiques

Statistiques générales
  • Ce quiz a été pris 201 fois
  • Le résultat moyen est 262 sur 497
Statistiques - réponses
Paroles % Correct
en
98%
Y
98%
y
98%
le
89%
de
88%
dans
86%
à
85%
a
85%
que
85%
pute
83%
qui
83%
se
83%
des
82%
fils
82%
la
82%
82%
secteur
82%
T-Max
82%
Y'a
82%
y'a
82%
ce
76%
KX
76%
KX
76%
tourne
76%
te
72%
faut
71%
Petit
71%
petit
71%
tu
71%
ça
70%
faire
70%
tournent
70%
leur
69%
me
69%
peur
69%
putes
69%
quoi
69%
l'inspecteur
67%
je
66%
je
66%
m'a
66%
ma
66%
ta
66%
t'a
66%
les
63%
sert
63%
un
63%
qu'il
62%
braque
60%
du
60%
l'appart
60%
mais
60%
pas
60%
patrouille
60%
pour
60%
avec
59%
soeur
59%
Stunt
59%
suis
57%
t'es
57%
et
56%
met
56%
prend
56%
affaires
55%
jour
55%
il
54%
sous
54%
clique
53%
costaud
53%
danse
53%
sur
53%
TDM
53%
team
53%
traînes
53%
braqueur
52%
casseurs
52%
dedans
52%
voleurs
51%
rap
51%
mon
50%
prends
50%
branchent
49%
l'herbe
49%
shit
48%
ces
47%
deux
47%
petits
47%
propose
47%
d'autres
46%
ouais
46%
y'en
46%
temps
45%
tieks
45%
si
44%
fument
43%
l'air
43%
t'armer
43%
toi
43%
dédicace
42%
trop
42%
va
42%
j'accélère
41%
pousse
41%
ils
40%
monte
40%
t'en
40%
pressé
39%
taire
39%
mec
38%
nez
37%
on
37%
poto
37%
savent
37%
t'as
36%
l'oeil
35%
mêles
35%
c'est
34%
elle
34%
mettent
34%
merde
33%
quartier
33%
Runner
33%
ceux
32%
fais
32%
cramé
31%
dehors
31%
gros
31%
mets
31%
tout
30%
veux
29%
doigt
28%
vas
28%
con
27%
une
27%
zone
27%
banal
26%
tous
26%
braquent
24%
Channel
24%
dit
24%
fait
24%
lame
24%
vois
24%
au
23%
dégun
23%
monde
23%
son
23%
t'assumer
23%
banane
21%
devant
21%
passe
21%
sac
21%
t'assurer
21%
pattes
20%
pétou
20%
tête
20%
ton
20%
veut
20%
base
19%
exploser
19%
fraise
19%
mêleurs
19%
alors
18%
ans
18%
banales
18%
bonne
18%
confiance
18%
devenu
18%
est
18%
frérot
18%
gentil
18%
patate
18%
pendant
18%
tempête
18%
coulé
17%
l'Oasis
17%
moi
17%
rosé
17%
voilà
17%
bois
16%
décapote
16%
d'or
16%
j'ai
16%
l'amener
16%
platine
16%
poser
16%
Rif
16%
sticks
16%
treize
16%
bleu
15%
Break
15%
cents
15%
chamelle
15%
encore
15%
faim
15%
Fazer
15%
fumette
15%
grattais
15%
millionnaire
15%
nerfs
15%
routine
15%
d'être
14%
touche
14%
doigts
13%
fumais
13%
grâce
13%
coq
12%
fans
12%
photos
12%
reste
12%
308
11%
chez
11%
fois
11%
Jarret
11%
l'âne
11%
prennent
11%
quand
11%
rentre
11%
sais
11%
shmits
11%
sors
11%
sympathisais
11%
test
11%
croise
10%
gamos
10%
mac
10%
comment
9%
cracher
9%
donc
9%
l'été
9%
MC
9%
moteur
9%
oh
9%
range
9%
d'embrouilles
8%
esquiver
8%
Ali
7%
craint
5%
vitre
3%
j'ouvre
2%
ning
2%
Panam
2%
failes
0%
jpassee
0%
que je rappe
0%
Siou
0%
Aucun quiz correspondant
Distribution des résultats
% des personnes avec chaque résultat
Percentile par nombre de réponses
Votre historique - résultats
Vous n’avez pas pris ce quiz